Schriftliche Komunikation im Fremdenverkehr, Hotel und Gaststtätten wesen

Na minha lista:
Detalhes bibliográficos
Autor Corporativo: Vysoká škola ekonomická v Bratislave. Fakulta ekonomiky služieb a cestovného ruchu v Banskej Bystrici
Formato: Livro
Idioma:alemão
Publicado em: Bratislava VŠE 1986
Edição:2. vyd.
Tags: Adicionar Tag
Sem tags, seja o primeiro a adicionar uma tag!

MARC

LEADER 00000nam a2200000 4500
001 c025401
005 20221220072723.7
041 0 |a ger 
044 |a SK 
245 1 0 |a Schriftliche Komunikation im Fremdenverkehr, Hotel und Gaststtätten wesen 
250 |a 2. vyd. 
264 1 |a Bratislava  |b VŠE  |c 1986 
300 |a 158 s. 
710 2 |a Vysoká škola ekonomická v Bratislave. Fakulta ekonomiky služieb a cestovného ruchu v Banskej Bystrici